South Eastern Kenya University

Library Online Public Access Catalogue


Fast women / (Record no. 12481)

MARC details
000 -LEADER
fixed length control field 00385cam a2200157 a 4500
020 ## - ISBN
International Standard Book Number 0312252617
050 00 - LIBRARY OF CONGRESS CALL NUMBER
Classification Number PS 3553 .R 7858
Item Number F 37 2001
100 1# - MAIN ENTRY--Author
Personal name Crusie, Jennifer.
245 10 - TITLE
Title Fast women /
Statement of responsibility, etc Jennifer Crusie.
250 ## - EDITIONSTATEMENT
Edition statement 1st ed.
260 ## - PUBLICATION, DISTRIBUTION, ETC.(IMPRINT)
Place of publication, distribution, etc New York :
Name of publisher, distributor, etc St. Martin's Press,
Date of publication, distribution, etc 2001.
300 ## - PHYSICAL DESCRIPTION
Extent 358 p. ;
650 #0 - SUBJECT--TOPIC
Form subdivision Fiction.
650 #0 - SUBJECT--TOPIC
Form subdivision Fiction.
942 ## - ADDED ENTRY ELEMENTS(KOHA)
Source of classification or shelving scheme Library of Congress Classification
Koha item type General circulation
Holdings
Source of classification or shelving scheme Not for loan Location (home branch) Sublocation (holding branch) Date accessioned Source of acquisition Full call number Barcode Koha item type
Library of Congress Classification   SEHSS - Library SEHSS - Library 07/04/2016 Donation - Books for Africa [EHS] PS 3553 .R7858 F37 2001 2016/015590 General circulation
Kitui, Kenya.
+254736116989
library@seku.ac.ke